| 000 | 00475nam a22001817a 4500 | ||
|---|---|---|---|
| 003 | OSt | ||
| 005 | 20260422123515.0 | ||
| 008 | 260422b |||||||| |||| 00| 0 eng d | ||
| 020 | _a9789371391054 | ||
| 040 | _cDLC | ||
| 050 | _a294 PRA | ||
| 082 | _a294 PRA | ||
| 100 |
_aPrakash,Shakti _935096 |
||
| 245 | _aThe Man Towards the Moksha | ||
| 260 |
_aNew Delhi _bBluerose Publishers Pvt. Ltd. _c10 May 2025 |
||
| 300 |
_a111 pages _c20.32 x 12.7 x 2.54 cm |
||
| 942 |
_2ddc _cBK |
||
| 999 |
_c7854 _d7854 |
||